| 000 -LEADER |
| fixed length control field |
00880nam a22002057a 4500 |
| 003 - CONTROL NUMBER IDENTIFIER |
| control field |
OSt |
| 005 - DATE AND TIME OF LATEST TRANSACTION |
| control field |
20250217141750.0 |
| 008 - FIXED-LENGTH DATA ELEMENTS--GENERAL INFORMATION |
| fixed length control field |
230822b ||||| |||| 00| 0 eng d |
| 040 ## - CATALOGING SOURCE |
| Transcribing agency |
SSBUL |
| 041 ## - LANGUAGE CODE |
| Language code of text/sound track or separate title |
bur |
| 082 ## - DEWEY DECIMAL CLASSIFICATION NUMBER |
| Edition number |
23 |
| Classification number |
၂၉၄.၃၄၃၅၀၉ |
| Item number |
ကု ၁၆၆ |
| 100 0# - MAIN ENTRY--PERSONAL NAME |
| Personal name |
ကုမာရ၊ ဘဒ္ဒန္တ(အဂ္ဂမဟာပဏ္ဍိတ)။ |
| 9 (RLIN) |
29350 |
| 245 10 - TITLE STATEMENT |
| Title |
ထမ်းငြိမ်းစေတီတော် သမိုင်း / |
| Statement of responsibility, etc. |
ဘဒ္ဒန္တကုမာရ(အဂ္ဂမဟာပဏ္ဍိတ)။ |
| 260 ## - PUBLICATION, DISTRIBUTION, ETC. |
| Place of publication, distribution, etc. |
ရန်ကုန်၊ |
| Name of publisher, distributor, etc. |
ယုံကြည်ချက်စာပေတိုက်၊ |
| Date of publication, distribution, etc. |
၂၀၀၉။ |
| 300 ## - PHYSICAL DESCRIPTION |
| Extent |
၁၅၀ စာမျက်နှာ၊ |
| Other physical details |
ပုံပါသည်၊ |
| 650 ## - SUBJECT ADDED ENTRY--TOPICAL TERM |
| Topical term or geographic name entry element |
စေတီ - သမိုင်း |
| 9 (RLIN) |
29351 |
| 942 ## - ADDED ENTRY ELEMENTS (KOHA) |
| Koha item type |
Books (Long term) |
| Source of classification or shelving scheme |
|
|
| Source of classification or shelving scheme |
|
|
| Source of classification or shelving scheme |
|